| Tag |
First Indicator |
Second Indicator |
Subfields |
| LEADER |
00000cam a2200000 a 4500 |
| 001 |
in00000048903 |
| 005 |
20151007075733.0 |
| 008 |
820118s1982 nyu b 00100beng |
| 010 |
|
|
|a 81022933
|
| 020 |
|
|
|a 0898620503 :
|c $24.50
|
| 035 |
|
|
|a (OCoLC)08152686
|
| 035 |
|
|
|9 AAF3736AM
|
| 039 |
0 |
|
|a 2
|b 3
|c 3
|d 3
|e 3
|
| 040 |
|
|
|a DLC
|c DLC
|d VET
|d CUX
|d TXA
|d UtOrBLW
|
| 049 |
|
|
|a TXAM
|c [1673338]
|
| 050 |
0 |
0 |
|a RC488.5
|b F76 1982
|
| 082 |
0 |
|
|a 616.89/14
|2 19
|
| 096 |
|
|
|a WM 420 F931 1982
|
| 245 |
0 |
0 |
|a From psyche to system, the evolving therapy of Carl Whitaker /
|c edited by John R. Neill and David P. Kniskern ; foreword by Salvador Minuchin.
|
| 264 |
|
1 |
|a New York :
|b Guilford Press,
|c [1982]
|
| 264 |
|
4 |
|c ©1982
|
| 300 |
|
|
|a xv, 409 pages ;
|c 24 cm.
|
| 336 |
|
|
|a text
|b txt
|2 rdacontent
|
| 337 |
|
|
|a unmediated
|b n
|2 rdamedia
|
| 338 |
|
|
|a volume
|b nc
|2 rdacarrier
|
| 490 |
1 |
|
|a The Guilford family therapy series
|
| 500 |
|
|
|a Includes index.
|
| 504 |
|
|
|a Bibliography: pages 387-388.
|
| 504 |
|
|
|a "Works by Carl Whitaker": pages 389-395.
|
| 600 |
1 |
0 |
|a Whitaker, Carl A.
|
| 650 |
|
0 |
|a Family psychotherapy.
|
| 650 |
|
0 |
|a Marital psychotherapy.
|
| 650 |
|
0 |
|a Psychotherapist and patient.
|
| 650 |
|
2 |
|a Family.
|
| 650 |
|
2 |
|a Psychoanalytic Therapy.
|
| 650 |
|
2 |
|a Family Therapy.
|
| 650 |
|
2 |
|a Marital Therapy.
|
| 650 |
|
2 |
|a Psychotherapy.
|
| 700 |
1 |
|
|a Neill, John R.
|
| 700 |
1 |
|
|a Kniskern, David P.,
|d 1948-
|
| 830 |
|
0 |
|a Guilford family therapy series.
|
| 999 |
|
|
|a MARS
|
| 999 |
f |
f |
|s d1952fa2-b6c1-369d-ae6f-9471657b5758
|i 4b4732af-445a-3165-9d1a-fe3c53d65657
|t 0
|
| 952 |
f |
f |
|p ric
|a Texas A&M University
|b Rellis Campus
|c Joint Library Facility
|d Remote Storage
|t 0
|e RC488.5 F76 1982
|h Library of Congress classification
|i unmediated -- volume
|m A14805941452
|
| 998 |
f |
f |
|a RC488.5 F76 1982
|t 0
|l Remote Storage
|